Puchuncaví en la historia

Guardat en:
Dades bibliogràfiques
Autor principal: Córdova Veas, Carolina (Autor)
Format: Llibre
Idioma:espanyol
Publicat: s.l Menssage Producciones 2014
Edició:1a. ed
Matèries:
Etiquetes: Afegir etiqueta
Sense etiquetes, Sigues el primer a etiquetar aquest registre!

MARC

LEADER 00000cam a2200000 a 4500
001 UCD9193
003 CL-VaPUC
008 170609e20140000cl |||||||||||||||||spa|d
082 0 4 |a 983.25  |b COR  |2 21 
100 0 |a Córdova Veas, Carolina  |e author  |9 592889 
245 1 0 |a Puchuncaví en la historia 
250 |a 1a. ed 
300 |a 150 p 
942 |c BK 
945 |d 20170609 16:51:00  |a dcastane 
260 |a s.l  |b Menssage Producciones  |c 2014 
650 0 |a Historia de Chile  |9 265473 
650 0 |a Historia de ciudades   |9 445863 
651 7 |a PUCHUNCAVI  |2 CL-VaPUC  |9 499895 
583 |a last modification  |c 20170609 16:51:00  |k Rodrigo Vera 
999 |c 368452  |d 368450 
952 |0 0  |1 0  |3 erb  |4 0  |6 983_250000000000000_COR_2014  |7 0  |8 A  |9 483784  |a BIBHIS  |b BIBHIS  |i 5396476  |l 1  |o 983.25 COR 2014  |p 5396476  |r 2025-01-20  |s 2023-10-11  |w 2019-11-24  |y BK  |z Catalogado en:20170609  |k HIS